000 00476nam a2200157Ia 4500
005 20241106121145.0
008 240126s9999 xx 000 0 und d
020 _a9788172241223
082 _a923.2 SAR;1 R
100 _aSarvepalli Radhakrishnan.
245 0 _aMahatma Gandhi : essays and reflections presented to him on his seventieth birthday October 2nd, 1939
260 _bJaico Publishing
_aAhmedabad
_c2019
300 _axiv, 442
440 _aNULL
942 _cPU
999 _c288988
_d288988